Statistics for All Ajax Players of the 2000's

Click here to take the quiz!

General Stats

  • This quiz has been taken 17 times
  • The average score is 25 of 120

Answer Stats

PositionNationPlayerPrevious Club% Correct
MIDBelgiumJan VertonghenRKC Waalwijk
82%
ATTUruguayLuis SuarezGroeningen
82%
GKThe NetherlandsMaarten StekelenburgVV Schoten
82%
ATTSwedenZlatan IbrahimovicMalmo
76%
MIDDenmarkChristian EriksenOdense BK
65%
ATTThe NetherlandsKlaas-Jan HuntelaarSC Heerenveen
65%
DEFRoumaniaCristian ChivuUniversitatea Craiova
59%
DEFThe NetherlandsDaley Blind-
59%
MIDThe NetherlandsEdgar DavidsTottenham Hotspur
59%
MID/ATTFinlandJari LitmanenLiverpool
59%
MIDThe NetherlandsWesley SneijderAjax Youth
59%
DEFThe NetherlandsNigel de Jong-
53%
MIDThe NetherlandsRafael Van der VaartDe Kennemers
53%
MIDThe NetherlandsSiem de JongDe Graafschap
53%
ATTGreeceAngelos CharisteasWeder Bremen
47%
DEFThe NetherlandsGregory Van der WielHaarlem
47%
DEF/MIDBrazilMaxwellCruzeiro
47%
GKRoumaniaBogdan LobontRapid Bucarest
41%
ATTEgyptMidoKAA Gent
41%
MIDThe NetherlandsStephano SeedorfHellas Sport
41%
MIDSouth AfricaSteven PienaarAjax Cape Town
41%
DEFBelgiumThomas VermaelenRKC Waalwijk
41%
ATTDenmarkDennis RommedahlCharlton Athletic
35%
MIDSpainGabriBarcelona
35%
DEFTunisiaHatem TrabelsiSfax
35%
MID/ATTDenmarkKenneth PerezPSV
35%
GKThe NetherlandsKenneth VermeerAjax Youth
35%
ATTSerbiaMarko PantelicHerta Berlin
35%
ATTThe NetherlandsAndy Van der MeydeTwente
29%
MIDCameroonEyong EnohAjax Cape Town
29%
DEFThe NetherlandsJaap StamAC Milan
29%
DEFThe NetherlandsJohnny HeitingaAjax Youth
29%
DEFFranceJulien EscudeStade Rennes
29%
DEFSpainOleguerBarcelona
29%
DEFCzech RepublicZdenek GrygeraSparta Prague
29%
DEFNorwayAndre BergdolmoRosenborg BK
24%
MIDThe NetherlandsDemy de ZeeuwAZ Alkmaar
24%
GKSouth AfricaHans VonkSC Heereveen
24%
ATTSouth KoreaHyun-Joon SukSingal High School
24%
GKThe NetherlandsJeroen VerhoevenVolendam
24%
ATTSerbiaMiralem SulejmaniSC Heerenven
24%
MIDUruguayNicolas LodeiroNacional Montevideo
24%
ATTGreeceNikos MachlasVitesse
24%
DEFFinlandPetri PasanenLathi
24%
ATTGeorgiaShota ArveladzeTrabzonspor
24%
ATTBrazilWambertoStandard Liege
24%
MIDGhanaAnthony ObodaiLiberty
18%
MIDThe NetherlandsAron WinterInter Milan
18%
DEFUruguayBruno SilvaGroeningen
18%
DEFThe NetherlandsHedwiges MaduroAjax Youth
18%
DEF/MIDUSAJohn O'BrienUtrecht
18%
GKAustraliaJoseph DidulicaGerminal Beerschot
18%
ATTSwedenMarcus RosenbergMalmo
18%
ATTThe NetherlandsRyan Babel-
18%
GKThe NetherlandsSander BoschkerTwente
18%
DEFCameroonThimohée AtoubaHamburg
18%
MIDCzech RepublicTomas GalasekWillem II
18%
DEFThe NetherlandsUrby EmanuelsonAjax Youth
18%
MIDThe NetherlandsVurnon AnitaAjax Youth
18%
ATTBelgiumWesley SonckKRC Genk
18%
DEF/MID/ATTGhanaAbubakari YakubuGapoa
12%
ATTSpainAlberto LuqueNewcastle United
12%
ATTArgentinaDario CvitanichCA Banfield
12%
MIDThe NetherlandsEvander SnoCeltic
12%
DEFRoumaniaGeorge OgararuSteaua Bucarest
12%
ATTGreeceIonassis AnastasiouRoda JC Kerkrade
12%
DEFSpainJuanfranBesiktas
12%
ATTSwedenKennedy BakirciogluTwente
12%
ATTBrazilLeonardoNAC Breda
12%
ATTArgentinaMauro RosalesNewell's Old Boys
12%
ATTRoumaniaNicolae MiteaDinamo Bucarest
12%
MID/ATTMoroccoNourdin BoukhariNac Breda
12%
MIDSwedenRasmus LindgrenLandskrona BoIS
12%
ATTBelgiumTom de Mul-
12%
ATTBelgiumTom SoetaersRoda JC Kerkrade
12%
ATTThe NetherlandsVictor SikoraVitesse
12%
ATTThe NetherlandsBrutil HoseHRC
6%
MIDThe NetherlandsCedric Van der GunDen Bosch
6%
MIDColombiaDaniel CruzAcademica Futbol de Tucaman
6%
DEFThe NetherlandsDavid MendesSparta Rotterdam
6%
GKThe NetherlandsDennis GentenaarBorussia Dortmund
6%
ATTArmeniaEdgar ManucharyanPyunik Erevan
6%
DEFThe NetherlandsFerdinand VierklauCD Tenerife
6%
DEFBrazilFilipe-
6%
GKThe NetherlandsFred GrimCambuur
6%
ATTSpainIsmael UrzaizAtheltic Club
6%
MIDThe NetherlandsIsmail AissatiPSV
6%
MIDThe NetherlandsJan-Arie Van der HeijdenVV Schoonhoven
6%
DEFThe NetherlandsJan van HalstTwente
6%
MIDAustraliaJason CulinaDe Graafschap
6%
ATTBrazilKerlonInter Milan
6%
ATTThe NetherlandsKevin BobsonSV Bijlmer
6%
MIDThe NetherlandsOlaf LindenberghAZ Alkmaar
6%
DEFDenmarkOle TobiasenSC Heereveen
6%
ATTNigeriaPius IkediaASEC Abidjan
6%
MIDThe NetherlandsRichard KnopperFeyenoord
6%
MIDThe NetherlandsRichard WitschgeBordeaux
6%
MIDThe NetherlandsRobbert SchilderHeracles Almelo
6%
DEFThe NetherlandsRob WielaertTwente
6%
MIDSpainRogerVillareal
6%
ATTThe NetherlandsDaniel de Ridder-
0%
DEFGhanaEmmanuel Boakye-
0%
GKThe NetherlandsErik HeijblokHaarlem
0%
GKThe NetherlandsHenk TrimmerFeyenoord
0%
MIDThe NetherlandsJeffrey Sarpong-
0%
DEFBelgiumJelle van DammeGerminal Beerschot
0%
MIDThe NetherlandsJohn Goossens-.
0%
DEFThe NetherlandsJurgen ColinNorwich City
0%
ATTGhanaKwame QuansahYoung Kotoka
0%
MIDBelgiumLaurent DelorgeADO Den Haag
0%
GKThe NetherlandsMarco Van DuinAjax Youth
0%
ATTThe NetherlandsMarvin ZeegelaarFC Volendam
0%
MIDDenmarkMichael Krohn-DehliSparta Rotterdam
0%
MIDThe NetherlandsMitchell Donald-
0%
DEFGhanaSamuel KufforAS Roma
0%
GKThe NetherlandsSergio Padt-
0%
MIDBelgiumStanley Aborah-
0%
DEFThe NetherlandsTim de ClerLugdunum
0%
MIDBrazilWalkerGuarani
0%
MIDBrazilZè EduardoMaga EC
0%

Score Distribution

Percentile by Number Answered

Percent of People with Each Score

Your Score History

You have not taken this quiz